Toxic Boy - Tayc - Statistiques

Statistiques générales
  • Ce quiz a été pris 149 fois
  • Le résultat moyen est 138 sur 185
Statistiques - réponses
Réponse % Correct
toxic
95%
Toxic
95%
à
92%
Tu
92%
tu
92%
Girl
91%
girl
91%
su
91%
me
89%
ta
89%
de
88%
I'm
88%
i'm
88%
aimé
86%
jamais
86%
j'suis
86%
J'suis
86%
le
86%
les
86%
Mais
86%
86%
ton
86%
tout
86%
non
85%
pour
85%
Pour
85%
tous
85%
dire
83%
m'as
83%
noms
83%
sur
83%
Sur
83%
traité
83%
tête
82%
Dans
80%
dans
80%
elles
80%
gardé
80%
moi
80%
n'as
80%
peau
80%
sont
80%
t'as
80%
T'as
80%
your
80%
lettres
77%
chialé
76%
Oh
76%
Toutes
76%
chambre
74%
gravées
74%
num
74%
pas
74%
trop
74%
et
73%
Et
73%
numéro
73%
oublié
73%
payé
73%
encore
71%
fois
71%
la
71%
chacune
70%
corps
70%
lune
70%
mon
70%
Mon
70%
nocif
70%
des
68%
ne
68%
toi
68%
WhatsApp
68%
connais
67%
vie
67%
droits
65%
j'ai
65%
memories
65%
mien
65%
m'oublier
65%
toxic boy
65%
héro
64%
mémos
64%
mes
62%
ont
62%
m'appelais
61%
sais
61%
tes
61%
yeah
61%
nié
55%
frôlés
50%
peux
50%
si
48%
autre
44%
chose
44%
passe
44%
un
44%
Aimes-en
39%
Oublies-moi
26%
oublies-moi
26%
Aucun quiz correspondant
Distribution des résultats
% des personnes avec chaque résultat
Percentile par nombre de réponses
Votre historique - résultats
Vous n’avez pas pris ce quiz